000 00445nam a22001697a 4500
003 NUST - PNEC
005 20170116181040.0
008 150922b xxu||||| |||| 00| 0 eng d
020 _a0028004426
040 _cLIBRARY
082 _a621.3192 SCH
100 _911563
_a Schuler, Charles A.
245 _aElectric circuit analysis
_c Charles A.Schuler
260 _cc 1993
650 _911564
_aElectrical engineering
_xEE/EL
942 _2ddc
_cBK
999 _c68076
_d68076